Statistics for Biggest Cities Beginning With 'H'

Click here to take the quiz!

General Stats

  • This quiz has been taken 61 times
  • The average score is 28 of 171

Answer Stats

PopulationCountryCity% Correct
1,431,270VietnamHanoi
98%
104,532GhanaHo
98%
1,899,160GermanyHamburg
93%
2,132,394CubaHavana
93%
3,467,331VietnamHo Chi Minh City
93%
7,012,738China (Hong Kong)Hong Kong
89%
2,099,451United StatesHouston
89%
129,000EthiopiaHarar
88%
1,485,231ZimbabweHarare
81%
3,597,816IndiaHyderabad
79%
1,386,330PakistanHyderabad
79%
558,457FinlandHelsinki
77%
267,300IsraelHaifa
67%
515,140GermanyHanover
65%
1,143,841JapanHiroshima
61%
4,596,313ChinaHarbin
58%
5,849,537ChinaHangzhou
56%
137,072ChinaHami
53%
536,917CanadaHamilton
53%
176,500New ZealandHamilton
53%
130,176Solomon IslandsHoniara
46%
316,701CanadaHalifax
44%
775,404SyriaHoms
42%
3,098,727ChinaHéféi
40%
178,009AustraliaHobart
39%
124,775United StatesHartford
33%
337,256United StatesHonolulu
33%
1,238,488ChinaHuáinán
33%
143,345GermanyHeidelberg
32%
147,590NetherlandsHaarlem
30%
272,806AfghanistanHerāt
30%
1,807,858ChinaHuìzhōu
28%
460,602SyriaḨamāh
25%
1,497,110ChinaHuhehaote
25%
1,200,000SomaliaHargeisa
21%
715,061MexicoHermosillo
21%
287,217VietnamHuế
21%
180,105United StatesHuntsville
21%
748,471ChinaHúzhōu
21%
602,695VietnamHai Phong
19%
137,436United StatesHampton
19%
133,422United KingdomHastings
19%
595,304AngolaHuambo
19%
120,733GermanyHeilbronn
18%
257,729United StatesHenderson
18%
224,669United StatesHialeah
18%
1,833,900ChinaHǎikǒu
16%
185,327GermanyHamm
16%
172,108GermanyHerne
16%
189,992United StatesHuntington Beach
16%
104,250SwedenHelsingborg
14%
1,523,655ChinaHuai'an
14%
149,017United KingdomHuddersfield
14%
605,098JapanHamamatsu
12%
559,056North KoreaHamhŭng
12%
854,696ChinaHuaibei
12%
148,806SpainHuelva
12%
195,675EgyptHurghada
12%
234,107GermanyHalle
11%
144,186United StatesHayward
11%
160,470(Palestine)Hebron
11%
1,285,100ChinaHengyang
11%
103,052GermanyHildesheim
11%
299,498CubaHolguín
11%
122,563ChinaHuangzhou
11%
198,972GermanyHagen
9%
116,119JapanHanda
9%
559,636ChinaHézé
9%
481,493JapanHimeji
9%
579,399JapanHachiōji
7%
267,005Saudi ArabiaHa'il
7%
275,730JapanHakodate
7%
1,173,187ChinaHándān
7%
133,204United KingdomHigh Wycombe
7%
174,972JapanHirosaki
7%
116,925JapanHōfu
7%
404,109TaiwanHsinchu
7%
441,400PeruHuancayo
7%
840,214IndiaHubli
7%
104,371United StatesHigh Point
5%
140,768United StatesHollywood
5%
132,734NetherlandsHoofddorp
5%
278,550UkraineHorlivka
5%
579,700ChinaHuáihuà
5%
320,418ChinaHuàzhōu
5%
164,212KuwaitḨawallī
4%
239,046JapanHachinohe
4%
222,396North KoreaHaeju
4%
271,642Saudi ArabiaHafar Al-Bati
4%
216,633ChinaHăilín
4%
133,606IndiaHājīpur
4%
528,256IranHamadān
4%
293,452South KoreaHanam
4%
208,369ChinaHangu
4%
1,027,672IndiaHāora
4%
242,920IndiaHāpur
4%
554,600ChinaHèbì
4%
389,447ChinaHéngshuĭ
4%
113,082MexicoHeroica Guaymas
4%
449,815MexicoHeroica Matamoros
4%
450,953ChinaHéyuán
4%
406,331JapanHirakata
4%
148,066VietnamHạ Long
4%
100,102South KoreaHongseong
4%
234,259BrazilHortolândia
4%
109,358IndiaHoshangābād
4%
119,804ChinaHotan
4%
214,800PeruHuánuco
4%
855,248South KoreaHwaseong
4%
192,680North KoreaHyesan
4%
139,297IndiaHābra
2%
174,281JapanHadano
2%
153,656PakistanHafizabad
2%
123,531PhilippinesHagonoy
2%
687,223ChinaHăichéng
2%
211,066ChinaHailar
2%
188,461ChinaHăilún
2%
453,781ChinaHăimén
2%
397,690ChinaHăiníng
2%
170,695IndiaHaldia
2%
139,497IndiaHaldwani
2%
128,172IndiaHālīsahar
2%
196,574ChinaHánchéng
2%
468,868ChinaHànchuān
2%
155,687IndiaHanumāngarh
2%
494,763ChinaHànzhōng
2%
122,635IndiaHardoī
2%
186,079IndiaHaridwar
2%
128,531IndiaHassan
2%
126,882IndiaHāthras
2%
191,696VietnamHat Yai
2%
140,063IndiaHazāribāgh
2%
600,941ChinaHegang
2%
147,042ChinaHēihé
2%
112,337ChinaHélóng
2%
131,238ChinaHepo
2%
150,556JapanHigashimurayama
2%
110,925JapanHikone
2%
133,298IndiaHindupur
2%
171,777JapanHino
2%
134,947MyanmarHinthada
2%
259,052JapanHiratsuka
2%
296,436IndiaHisar
2%
156,811JapanHitachinaka
2%
105,260VietnamHòa Bình
2%
165,787IsraelH̱olon
2%
147,977ChinaHonggang
2%
239,900ChinaHóngjiāng
2%
104,341JapanHonmachi
2%
133,800EthiopiaHosaina
2%
197,846IndiaHosapete
2%
158,142IndiaHoshiārpur
2%
103,724IndiaHosūr
2%
165,900PeruHuacho
2%
193,537ChinaHuàdiàn
2%
350,468ChinaHualien City
2%
267,860ChinaHuánggāng
2%
287,576ChinaHuángshān
2%
691,963ChinaHuángshí
2%
150,448ChinaHuangyan
2%
129,100PeruHuaraz
2%
127,987ChinaHuáyīn
2%
177,005IndiaHugli
2%
124,846MexicoHuixquilucan
2%
109,104ChinaHulan
2%
265,344ChinaHulan Ergi
2%
191,891ChinaHumen
2%
174,355ChinaHúnchūn
2%
346,082North KoreaHŭngnam
2%
360,000ChinaHuocheng
2%
106,358South KoreaHwado
2%

Score Distribution

Percentile by Number Answered

Percent of People with Each Score

Your Score History

You have not taken this quiz